000 00971nam a2200229Ia 4500
999 _c39571
_d39571
001 6170
003 GE_BSU
005 20191129165157.0
008 181216s1987||||ge |||||||||||||| ||geo||
040 _cGE_BSU
041 _ageo
080 _a821.353.1-31 გ-26
100 _aგეგეშიძე, გურამ.
_95631
245 _aერთტომეული :
_bორი რომანი ; ორი მოთხრობა /
_cგურამ გეგეშიძე ; რედ. ე. ფალიანი ; მხატვ. ა. სამაშვილი.
264 _aთბილისი :
_bსაბჭ. საქართველო,
_c1987.
300 _a591გვ. ;
_c20 სმ.
653 _aრომანი
653 _aმოთხრობა
700 _aფალიანი, ე.
_eრედაქტორი
_94048
700 _aსამაშვილი, ა.
_eმხატვარი
_95638
942 _cBK
_2udc